LIBRARY ONLINE CATALOGUE

Writing your thesis / (Record no. 12145)

MARC details
000 -LEADER
fixed length control field 00569nam a22002052 4500
001 - CONTROL NUMBER
control field 0000020456
005 - DATE AND TIME OF LATEST TRANSACTION
control field 20151217155229.0
008 - FIXED-LENGTH DATA ELEMENTS--GENERAL INFORMATION
fixed length control field 110919s xx 000 0 eng d
020 ## - INTERNATIONAL STANDARD BOOK NUMBER
International Standard Book Number 1412946896 :
040 ## - CATALOGING SOURCE
Original cataloging agency KABU
Transcribing agency KABU
100 1# - MAIN ENTRY--PERSONAL NAME
Personal name Oliver, Paul.
-- 0000180723
245 10 - TITLE STATEMENT
Title Writing your thesis /
Statement of responsibility, etc. Paul Oliver.
250 ## - EDITION STATEMENT
Edition statement 2nd ed.
260 ## - PUBLICATION, DISTRIBUTION, ETC. (IMPRINT)
Place of publication, distribution, etc. London :
Name of publisher, distributor, etc. SAGE,
Date of publication, distribution, etc. 2008.
300 ## - PHYSICAL DESCRIPTION
Extent ix, 172 p.
650 #0 - SUBJECT ADDED ENTRY--TOPICAL TERM
Topical term or geographic name as entry element Dissertation, Academic.
-- 0000148155
852 1# - LOCATION
-- p2656.70 KES
908 ## - PUT COMMAND PARAMETER (RLIN)
Put command parameter 110919
950 ## - LOCAL HOLDINGS (RLIN)
-- 1
Holdings
Withdrawn status Lost status Source of classification or shelving scheme Not for loan Home library Current library Date acquired Total Checkouts Full call number Barcode Date last seen Date last checked out Price effective from Koha item type
    Library of Congress Classification   Kabarak, Main Campus Kabarak, Main Campus 17/12/2015 3 LB2369 .O45 2008 c. 1 19202 29/10/2018 27/10/2018 17/12/2015 General Collection